000 00260nam a2200109Ia 4500
001 1268568
005 20260417145252.0
008 260417s9999 xx 000 0 und d
020 _a9786256999534
245 0 _aKomik mi?
_cCeylan Taş
260 _bKetebe Çocuk
999 _c1268568
_d1268568